| 000 | 00392cam a2200145ua 4500 | ||
|---|---|---|---|
| 041 |
_aeng _h |
||
| 082 |
_a928.23 _bWAR/LI |
||
| 100 | _aWard, Charles.E . | ||
| 245 |
_aLife of John Dryden / _cE.Charles Ward. _hTextual Documents |
||
| 260 |
_aLondon : _bChapel Hill, The University of North Corolina press , _c1961. |
||
| 300 | _a380 ; . | ||
| 504 | _a | ||
| 942 | _cBK | ||
| 999 |
_c1246 _d1246 |
||